New Movements in Entrepreneurship /

Guardado en:
Detalles Bibliográficos
Autor corporativo: Movements of Entrepreneurship Workship ( Entrepreneurship and Small Business Research Institute)
Otros autores: Steyaert, Chris (edición) (edición), Hjorth, Daniel (edición) (edición)
Formato: Procedimiento de la conferencia Libro
Idioma:Inglés
Publicado: Cheltenham, Inglaterra : Edward Elgar, 2003, c2003
Temas:
Etiquetas: Agrega una etiqueta
Sin etiquetas, Sé el primero en etiquetar este registro!

MARC

LEADER 00000nam^a2200000^a^4500
001 000156655
005 20250521000000.0
009 20260310100511.512
020 |a 1-84376-219-6 
037 |a Acervo ITESO - Biblioteca 
041 |a ING 
082 |a 658. 421  |b MOV 2001 
111 |a Movements of Entrepreneurship Workship (  |n 1o :  |d 2001 :  |c Entrepreneurship and Small Business Research Institute) 
245 1 0 |a New Movements in Entrepreneurship /  |c Movements of Entrepreneurship Workship ; ed. C. Steyaert, D. Hjorth. 
264 4 |a Cheltenham, Inglaterra :  |b Edward Elgar,  |c 2003, c2003 
300 |a XV, 367 p. 
336 |a texto  |b txt  |2 rdacontenido 
337 |a sin mediación  |b n  |2 rdamedio 
338 |a volumen  |b nc  |2 rdasoporte 
649 |a XX 
650 |a Empresas -  |x Teoría 
650 |a Administración -  |x Teoría 
650 |a Identidad Corporativa 
650 |a Identidad Cultural 
650 |a Redes Sociales 
650 |a Comunicación Organizacional 
650 |a Cultura Organizacional 
650 |a Conocimiento -  |x Administración 
650 |a Automatización 
650 |a Recursos Humanos 
650 |a Exito Administrativo 
650 |a Ciencias Administrativas 
700 |a Steyaert, Chris  |e (edición) 
700 |a Hjorth, Daniel  |e (edición) 
910 |a Fondo General 
920 |a Impresos - Libros 
930 |a Colección General 
905 |a 101 
901 |a 0500085341  |b IT1  |c ACC  |u 20250521 
902 |a https://opac.biblio.iteso.mx/vufind/Record/000156655